000 00571nam a22001817a 4500
999 _c7446
_d7446
003 OSt
005 20211111115347.0
008 211111b ||||| |||| 00| 0 eng d
020 _a9781615253838
040 _cNLM
082 _aWW202
_b03a 2013
245 _aOrbit,eyelids,and lacrimal system
260 _a San francisco
_bAmerican academy of ophthalmology
_c2013
300 _axiv;322p
_bill,
_c25cm
504 _aincludes index
650 _aOpthalmology
_94663
942 _2ddc
_cBOOK